000 00901nam a22003137a 4500
003 CHAP
005 20220817041525.0
008 971013s1981 r 00010 d
010 _a17012
011 _a17984
035 _a22068
040 _cCHAP
082 _a633.1
_bJ43Y
100 0 0 _aJeans, Helen.
_961272
245 _aCereales, frutas secas y semillas
260 _aMadrid :
_bEDAF,
_c1981
300 _a124 p.
_b: ilus
490 _aPlus vitae
590 _aBATCH-UPD
_b10
_c20130110
_lUCH01
_h1330
590 _aCONVERSION
_b10
_c20130109
_lUCH01
_h1311
650 1 4 _aCereales.
_921370
650 1 4 _aFruta seca.
_943672
650 1 4 _aSemillas.
830 0 _aPlus vitae
_989324
901 _aBK
942 _cLIBRO
949 _a633.1 J43Y
_bBC
_cLIBRO
_d-51335
_eLIBRO
_h61266
_i22068
_si
_t215.00
949 _a633.1 J43Y
_bBC
_cLIBRO
_d33724000873048
_eLIBRO
_fc.2
_gDonaciØn
_h103736
_i22068
_si
999 _c17012
_d17012